Game theory and its applications /

Guardado en:
Autores Corporativos: American Mathematical Society Short Course, Game Theory and its Applications Biloxi, Miss.), American Mathematical Society.
Otros Autores: Lucas, William F., 1933-
Formato: Libro
Idioma:English
Publicado: Providence, R.I. : American Mathematical Society, 1981.
Series:Proceedings of symposia in applied mathematics ; v. 24
Materias:
Etiquetas: Agregar Etiqueta
Sin Etiquetas, Sea el primero en etiquetar este registro!
LEADER 01473cam a2200265 a 4500
001 MAT.inmabb005422
008 810805s1981####riua#####b####100#0#eng##
005 20171010173339.0
245 1 0 |a Game theory and its applications /  |c [edited by William F. Lucas]. 
260 |a Providence, R.I. :  |b American Mathematical Society,  |c 1981. 
300 |a viii, 125 p. :  |b il. ;  |c 26 cm. 
440 0 |a Proceedings of symposia in applied mathematics ;  |v v. 24 
500 |a "Lecture notes prepared for the American Mathematical Society Short Course, Game Theory and its Applications, held in Biloxi, Mississippi, January 22-23, 1979"--Verso of t.p. 
504 |a Incluye referencias bibliográficas. 
510 4 |a MR,  |c 82j:90079 
505 0 |a William F. Lucas, Preface (pp. vii-viii); William F. Lucas, The multiperson cooperative games -- William F. Lucas, Applications of cooperative games to equitable allocation -- Louis J. Billera, Economic market games -- L. S. Shapley, Valuation of games -- L. S. Shapley, Measurement of power in political systems -- Robert James Weber, Noncooperative games. 
020 |a 0821800256 
111 2 |a American Mathematical Society Short Course, Game Theory and its Applications  |d (1979 :  |c Biloxi, Miss.) 
700 1 |a Lucas, William F.,  |d 1933- 
710 2 |a American Mathematical Society. 
650 0 |a Game theory  |x Congresses. 
084 |a 90Dxx (90-06)  |2 MR 
010 |a  81012914  
040 |a DLC  |c DLC  |d DLC 
859 |k H  |p PSAPM-24  |b BIB. MATEMATICA